| 000 | 01272cam a2200349 i 4500 | ||
|---|---|---|---|
| 001 | 13226859 | ||
| 003 | EG-ScBUE | ||
| 005 | 20250521081419.0 | ||
| 008 | 030606t2010 nyua f b 001 0 eng d | ||
| 020 | _a9781441923356 | ||
| 040 |
_aEG-ScBUE _beng _erda _cEG-ScBUE _dEG-ScBUE |
||
| 082 | 0 | 4 |
_a532.0535 _222 _bOCK |
| 100 | 1 |
_aOckendon, Hilary, _923042 _eauthor. |
|
| 245 | 1 | 0 |
_aWaves and compressible flow / _cHilary Ockendon, John R. Ockendon. |
| 264 | 1 |
_aNew York : _bSpringer, _c[2010] |
|
| 264 | 4 | _cc2010 | |
| 300 |
_aix, 188 pages : _billustrations ; _c25 cm. |
||
| 336 |
_2rdacontent _atext _btxt |
||
| 337 |
_aunmediated _2rdamedia _bn |
||
| 338 |
_avolume _bnc _2rdacarrier |
||
| 490 | 0 |
_aTexts in applied mathematics ; _v47 |
|
| 504 | _aIncludes bibliographical references and index. | ||
| 650 | 7 |
_aWave-motion, Theory of. _923043 _2BUEsh |
|
| 650 | 7 |
_aFluid dynamics. _923044 _2BUEsh |
|
| 650 | 7 |
_aCompressibility. _923045 _2BUEsh |
|
| 653 | _cApril2011 | ||
| 655 | _vReading book | ||
| 700 | 1 |
_aOckendon, J. R., _923046 _eauthor. |
|
| 856 | 4 | 2 |
_3Publisher description _uhttp://www.loc.gov/catdir/enhancements/fy0818/2003054314-d.html |
| 856 | 4 | 1 |
_3Table of contents only _uhttp://www.loc.gov/catdir/enhancements/fy0818/2003054314-t.html |
| 942 |
_2ddc _cBB |
||
| 999 |
_c15109 _d15109 |
||